[Event "ODJM B 2023"]
[Site "Willingen GER"]
[Date "2023.06.01"]
[Round "7"]
[White "Bergmann, Lennart"]
[Black "Mainka, Ingmar"]
[Result "1/2-1/2"]
[Termination "normal"]
[Board "9"]
[WhiteElo "1515"]
[BlackElo "1546"]
[WhiteClock "00:43:13"]
[BlackClock "00:22:44"]
[PlyCount "64"]
[WhiteFideId "16270657"]
[BlackFideId "16254937"]
[EventCountry "GER"]
[EventRounds "9"]
[EventType "swiss"]
[EventDate "2023.05.27"]

1. d3 {[%clk 01:30:58]} {[%emt 00:00:02]} g6 {[%clk 01:30:39]} {[%emt
00:00:22]} 2. Nf3 {[%clk 01:30:49]} {[%emt 00:00:38]} Bg7 {[%clk 01:31:03]}
{[%emt 00:00:06]} 3. g3 {[%clk 01:30:23]} {[%emt 00:00:56]} Nf6 {[%clk
01:31:20]} {[%emt 00:00:13]} 4. e4 {[%clk 01:30:37]} {[%emt 00:00:16]} d6
{[%clk 01:30:52]} {[%emt 00:00:58]} 5. Bg2 {[%clk 01:30:46]} {[%emt 00:00:21]}
c5 {[%clk 01:30:36]} {[%emt 00:00:47]} 6. c3 {[%clk 01:30:56]} {[%emt
00:00:19]} Nc6 {[%clk 01:30:47]} {[%emt 00:00:19]} 7. O-O {[%clk 01:31:07]}
{[%emt 00:00:19]} O-O {[%clk 01:31:05]} {[%emt 00:00:12]} 8. Na3 {[%clk
01:31:21]} {[%emt 00:00:16]} a6 {[%clk 01:29:44]} {[%emt 00:01:50]} 9. Nc4
{[%clk 01:31:13]} {[%emt 00:00:39]} b5 {[%clk 01:28:53]} {[%emt 00:01:21]} 10.
Ne3 {[%clk 01:31:37]} {[%emt 00:00:06]} Bb7 {[%emt 00:03:18]} 11. Ng5 {[%clk
01:31:02]} e6 {[%clk 01:24:34]} {[%emt 00:03:06]} 12. f4 {[%clk 01:30:23]}
{[%emt 00:01:09]} d5 {[%clk 01:19:21]} {[%emt 00:05:43]} 13. e5 {[%clk
01:27:40]} {[%emt 00:03:12]} Nd7 {[%clk 01:19:40]} {[%emt 00:00:12]} 14. Qg4
{[%clk 01:25:22]} {[%emt 00:02:48]} Ncxe5 {[%clk 01:04:22]} {[%emt 00:15:48]}
15. fxe5 {[%clk 01:24:39]} {[%emt 00:01:13]} Nxe5 {[%clk 01:04:45]} {[%emt
00:00:06]} 16. Nxf7 {[%clk 01:16:14]} {[%emt 00:08:57]} Rxf7 {[%clk 00:47:37]}
{[%emt 00:17:37]} 17. Qxe6 {[%clk 01:16:23]} {[%emt 00:00:20]} Qd7 {[%clk
00:47:41]} {[%emt 00:00:27]} 18. Qxd7 {[%clk 01:09:35]} {[%emt 00:07:19]} Rxd7
{[%clk 00:48:01]} {[%emt 00:00:09]} 19. Bh3 {[%clk 01:03:58]} {[%emt 00:06:07]}
Re7 {[%clk 00:47:40]} {[%emt 00:00:51]} 20. Ng4 {[%clk 01:01:37]} {[%emt
00:02:52]} Nxg4 {[%clk 00:45:36]} {[%emt 00:02:33]} 21. Bxg4 {[%clk 01:01:59]}
{[%emt 00:00:08]} d4 {[%clk 00:39:23]} {[%emt 00:06:43]} 22. Bg5 {[%clk
01:01:05]} {[%emt 00:01:24]} Ree8 {[%clk 00:37:58]} {[%emt 00:01:56]} 23. Bf6
{[%clk 00:55:12]} {[%emt 00:06:23]} Re3 {[%clk 00:33:47]} {[%emt 00:04:40]} 24.
cxd4 {[%clk 00:52:14]} {[%emt 00:03:29]} cxd4 {[%clk 00:34:08]} {[%emt
00:00:08]} 25. Rac1 {[%clk 00:51:50]} {[%emt 00:00:54]} Bxf6 {[%clk 00:25:44]}
{[%emt 00:08:54]} 26. Rxf6 {[%clk 00:51:39]} {[%emt 00:00:41]} Rae8 {[%clk
00:25:38]} {[%emt 00:00:36]} 27. Rc7 {[%clk 00:48:52]} {[%emt 00:03:17]} Bd5
{[%clk 00:23:41]} {[%emt 00:02:27]} 28. Rd7 {[%clk 00:43:32]} {[%emt 00:05:50]}
Re1+ {[%clk 00:22:06]} {[%emt 00:02:04]} 29. Kf2 {[%clk 00:43:18]} {[%emt
00:00:45]} R1e5 {[%clk 00:22:31]} {[%emt 00:00:04]} 30. Rxd5 {[%clk 00:42:24]}
{[%emt 00:01:25]} Rxd5 {[%clk 00:22:44]} {[%emt 00:00:17]} 31. Be6+ {[%clk
00:42:49]} {[%emt 00:00:04]} Rxe6 {[%clk 00:22:23]} {[%emt 00:00:51]} 32. Rxe6
{[%clk 00:43:13]} {[%emt 00:00:06]} a5 {[%clk 00:22:44]} {[%emt 00:00:11]}
1/2-1/2

[Event "ODJM B 2023"]
[Site "Willingen GER"]
[Date "2023.06.01"]
[Round "7"]
[White "Stülcken, Philipp"]
[Black "Ermert, Karl Hans Ragnar"]
[Result "0-1"]
[Termination "normal"]
[Board "10"]
[WhiteElo "1617"]
[BlackElo "1584"]
[WhiteClock "00:03:26"]
[BlackClock "00:07:07"]
[PlyCount "48"]
[WhiteFideId "12986232"]
[BlackFideId "16275675"]
[EventCountry "GER"]
[EventRounds "9"]
[EventType "swiss"]
[EventDate "2023.05.27"]

1. c4 {[%clk 01:30:47]} {[%emt 00:00:12]} e5 {[%clk 01:30:35]} {[%emt
00:00:24]} 2. e3 {[%clk 01:30:47]} {[%emt 00:00:32]} Nc6 {[%clk 01:29:39]}
{[%emt 00:01:26]} 3. Nc3 {[%clk 01:30:54]} {[%emt 00:00:23]} f5 {[%clk
01:29:37]} {[%emt 00:00:31]} 4. b3 {[%clk 01:27:56]} {[%emt 00:03:28]} Nf6
{[%clk 01:28:46]} {[%emt 00:01:20]} 5. Bb2 {[%clk 01:28:02]} {[%emt 00:00:25]}
Bc5 {[%clk 01:20:41]} {[%emt 00:08:35]} 6. Nge2 {[%clk 01:26:48]} {[%emt
00:01:45]} Qe7 {[%clk 01:03:56]} {[%emt 00:17:14]} 7. g3 {[%clk 01:20:53]}
{[%emt 00:06:24]} f4 {[%clk 00:48:01]} {[%emt 00:16:25]} 8. gxf4 {[%clk
01:16:13]} {[%emt 00:05:11]} O-O {[%clk 00:47:19]} {[%emt 00:01:12]} 9. Rg1
{[%clk 00:50:35]} {[%emt 00:26:08]} d6 {[%clk 00:29:36]} {[%emt 00:18:13]} 10.
h3 {[%clk 00:21:33]} {[%emt 00:29:32]} Nb4 {[%clk 00:23:28]} {[%emt 00:06:38]}
11. Qb1 {[%clk 00:19:35]} {[%emt 00:02:28]} Nh5 {[%clk 00:18:57]} {[%emt
00:05:00]} 12. a3 {[%clk 00:17:18]} {[%emt 00:02:49]} exf4 {[%clk 00:17:10]}
{[%emt 00:02:16]} 13. axb4 {[%clk 00:16:47]} {[%emt 00:01:01]} fxe3 {[%clk
00:17:29]} {[%emt 00:00:11]} 14. dxe3 {[%clk 00:16:53]} {[%emt 00:00:24]} Bf5
{[%clk 00:15:55]} {[%emt 00:02:04]} 15. Qd1 {[%clk 00:15:22]} {[%emt 00:02:02]}
Bxb4 {[%clk 00:14:18]} {[%emt 00:02:07]} 16. Qd5+ {[%clk 00:13:10]} {[%emt
00:02:42]} Kh8 {[%clk 00:14:41]} {[%emt 00:00:06]} 17. Kd1 {[%clk 00:11:00]}
{[%emt 00:02:41]} c6 {[%clk 00:14:26]} {[%emt 00:00:45]} 18. Qg2 {[%clk
00:10:48]} {[%emt 00:00:42]} Bg6 {[%clk 00:10:00]} {[%emt 00:04:56]} 19. Ng3
{[%clk 00:09:20]} {[%emt 00:01:58]} Nxg3 {[%clk 00:07:50]} {[%emt 00:02:39]}
20. Qxg3 {[%clk 00:09:37]} {[%emt 00:00:13]} Qf6 {[%clk 00:07:32]} {[%emt
00:00:48]} 21. Na4 {[%clk 00:05:23]} {[%emt 00:04:45]} Qf5 {[%clk 00:07:10]}
{[%emt 00:00:50]} 22. Rc1 {[%clk 00:05:44]} {[%emt 00:00:10]} Bh5+ {[%clk
00:07:15]} {[%emt 00:00:26]} 23. f3 {[%clk 00:02:59]} {[%emt 00:03:14]} Bxf3+
{[%clk 00:07:24]} {[%emt 00:00:21]} 24. Be2 {[%clk 00:03:26]} {[%emt 00:00:04]}
Qd3# {[%clk 00:07:07]} {[%emt 00:00:16]} 0-1

[Event "ODJM B 2023"]
[Site "Willingen GER"]
[Date "2023.06.01"]
[Round "7"]
[White "Kanno, Clara Yumi"]
[Black "Holzwarth, Felix"]
[Result "0-1"]
[Termination "normal"]
[Board "11"]
[WhiteElo "1358"]
[BlackElo "1591"]
[WhiteClock "00:14:38"]
[BlackClock "01:08:44"]
[PlyCount "144"]
[WhiteFideId "16259661"]
[BlackFideId "34621377"]
[EventCountry "GER"]
[EventRounds "9"]
[EventType "swiss"]
[EventDate "2023.05.27"]

1. d4 {[%clk 01:30:54]} {[%emt 00:00:05]} Nf6 {[%clk 01:30:50]} {[%emt
00:00:10]} 2. Bf4 {[%clk 01:31:05]} {[%emt 00:00:19]} d5 {[%clk 01:30:47]}
{[%emt 00:00:33]} 3. e3 {[%clk 01:31:20]} {[%emt 00:00:16]} c5 {[%clk
01:31:01]} {[%emt 00:00:15]} 4. c3 {[%clk 01:31:18]} {[%emt 00:00:33]} Nc6
{[%clk 01:31:14]} {[%emt 00:00:16]} 5. Nd2 {[%clk 01:31:16]} {[%emt 00:00:31]}
Qb6 {[%clk 01:28:01]} {[%emt 00:03:43]} 6. Qc2 {[%clk 01:27:56]} {[%emt
00:03:50]} g6 {[%clk 01:26:12]} {[%emt 00:02:21]} 7. dxc5 {[%clk 01:26:18]}
{[%emt 00:02:08]} Qxc5 {[%clk 01:26:15]} {[%emt 00:00:26]} 8. Ngf3 {[%clk
01:23:24]} {[%emt 00:03:25]} Bf5 {[%clk 01:25:42]} {[%emt 00:01:02]} 9. Qb3
{[%clk 01:21:58]} {[%emt 00:01:55]} Bg7 {[%clk 01:23:43]} {[%emt 00:02:30]} 10.
Qxb7 {[%clk 01:17:37]} {[%emt 00:04:52]} O-O {[%clk 01:24:00]} {[%emt
00:00:11]} 11. Nb3 {[%clk 01:12:21]} {[%emt 00:05:47]} Qb6 {[%clk 01:24:19]}
{[%emt 00:00:11]} 12. Qxb6 {[%clk 01:12:22]} {[%emt 00:00:29]} axb6 {[%clk
01:24:47]} {[%emt 00:00:02]} 13. h3 {[%clk 01:08:34]} {[%emt 00:04:19]} Ne4
{[%clk 01:21:58]} {[%emt 00:03:18]} 14. Bb5 {[%clk 01:05:01]} {[%emt 00:04:01]}
Na7 {[%clk 01:21:25]} {[%emt 00:01:05]} 15. Nbd4 {[%clk 01:03:16]} {[%emt
00:02:15]} Nxb5 {[%clk 01:20:21]} {[%emt 00:01:34]} 16. Nxb5 {[%clk 01:03:36]}
{[%emt 00:00:10]} Ra5 {[%clk 01:18:57]} {[%emt 00:01:55]} 17. Nbd4 {[%clk
01:01:32]} {[%emt 00:02:32]} Rfa8 {[%clk 01:17:55]} {[%emt 00:01:33]} 18. a3
{[%clk 00:59:05]} {[%emt 00:02:57]} Nc5 {[%clk 01:16:28]} {[%emt 00:01:57]} 19.
O-O {[%clk 00:53:08]} {[%emt 00:06:27]} Nd3 {[%clk 01:15:44]} {[%emt 00:01:13]}
20. Nxf5 {[%clk 00:50:35]} {[%emt 00:03:03]} gxf5 {[%clk 01:16:07]} {[%emt
00:00:08]} 21. Ra2 {[%clk 00:47:29]} {[%emt 00:03:36]} Rb5 {[%clk 01:15:38]}
{[%emt 00:00:57]} 22. Rb1 {[%clk 00:46:07]} {[%emt 00:01:54]} Bxc3 {[%clk
01:15:19]} {[%emt 00:00:48]} 23. b3 {[%clk 00:44:24]} {[%emt 00:02:14]} Nb4
{[%clk 01:12:52]} {[%emt 00:02:57]} 24. a4 {[%clk 00:44:02]} {[%emt 00:00:53]}
Nxa2 {[%clk 01:12:05]} {[%emt 00:01:16]} 25. axb5 {[%clk 00:44:29]} {[%emt
00:00:04]} Ra5 {[%clk 01:12:06]} {[%emt 00:00:25]} 26. Nd4 {[%clk 00:43:41]}
{[%emt 00:01:20]} Bxd4 {[%clk 01:11:24]} {[%emt 00:01:13]} 27. exd4 {[%clk
00:44:06]} {[%emt 00:00:05]} Nc3 {[%clk 01:11:25]} {[%emt 00:00:28]} 28. Rb2
{[%clk 00:43:32]} {[%emt 00:01:05]} Rxb5 {[%clk 01:07:32]} {[%emt 00:04:23]}
29. b4 {[%clk 00:41:32]} {[%emt 00:02:30]} Ne4 {[%clk 01:04:52]} {[%emt
00:03:10]} 30. f3 {[%clk 00:39:28]} {[%emt 00:02:34]} Nf6 {[%clk 01:04:31]}
{[%emt 00:00:50]} 31. Kf2 {[%clk 00:35:32]} {[%emt 00:04:26]} Nd7 {[%clk
01:04:16]} {[%emt 00:00:46]} 32. Bc7 {[%clk 00:27:27]} {[%emt 00:08:31]} Nf8
{[%clk 00:55:40]} {[%emt 00:09:10]} 33. Ke3 {[%clk 00:22:38]} {[%emt 00:05:18]}
Ne6 {[%clk 00:56:06]} {[%emt 00:00:05]} 34. Bg3 {[%clk 00:22:04]} {[%emt
00:01:03]} Kf8 {[%clk 00:49:49]} {[%emt 00:06:48]} 35. Be1 {[%clk 00:19:06]}
{[%emt 00:03:24]} Ke8 {[%clk 00:49:57]} {[%emt 00:00:26]} 36. Kd3 {[%clk
00:14:39]} {[%emt 00:04:55]} Kd7 {[%emt 00:00:06]} 37. Bd2 {[%clk 00:11:57]}
{[%emt 00:03:08]} f6 {[%emt 00:02:04]} 38. f4 {[%clk 00:11:19]} Nd8 {[%clk
00:49:11]} {[%emt 00:01:19]} 39. Kc2 {[%clk 00:07:25]} {[%emt 00:04:13]} Kc6
{[%emt 00:02:31]} 40. Kb3 {[%clk 00:06:24]} {[%emt 00:01:27]} Kb7 {[%clk
00:47:35]} {[%emt 00:00:22]} 41. Ka4 {[%clk 00:01:03]} {[%emt 00:05:50]} Ka6
{[%clk 00:47:54]} {[%emt 00:00:11]} 42. Rc2 {[%clk 00:29:58]} {[%emt 00:01:34]}
Ne6 {[%clk 01:18:14]} {[%emt 00:00:10]} 43. Be3 {[%clk 00:29:50]} {[%emt
00:00:36]} Nd8 {[%clk 01:16:03]} {[%emt 00:02:44]} 44. Rc8 {[%clk 00:28:35]}
{[%emt 00:01:43]} Nf7 {[%clk 01:16:06]} {[%emt 00:00:24]} 45. Rc7 {[%clk
00:27:53]} {[%emt 00:01:13]} Nd8 {[%clk 01:16:24]} {[%emt 00:00:16]} 46. g3
{[%clk 00:27:13]} {[%emt 00:01:10]} e5 {[%clk 01:15:52]} {[%emt 00:01:02]} 47.
Rxh7 {[%clk 00:24:28]} {[%emt 00:03:15]} Nc6 {[%clk 01:15:57]} {[%emt
00:00:25]} 48. fxe5 {[%clk 00:23:28]} {[%emt 00:01:30]} Rxb4+ {[%clk 01:16:13]}
{[%emt 00:00:14]} 49. Ka3 {[%clk 00:23:27]} {[%emt 00:00:29]} fxe5 {[%clk
01:16:26]} {[%emt 00:00:19]} 50. dxe5 {[%clk 00:23:24]} {[%emt 00:00:32]} Re4
{[%clk 01:16:42]} {[%emt 00:00:14]} 51. Bf4 {[%clk 00:22:46]} {[%emt 00:01:06]}
Nxe5 {[%clk 01:16:40]} {[%emt 00:00:35]} 52. Bxe5 {[%clk 00:21:52]} {[%emt
00:01:24]} Rxe5 {[%clk 01:17:09]} 53. Rh4 {[%clk 00:21:46]} {[%emt 00:00:34]}
Re3+ {[%clk 01:17:29]} {[%emt 00:00:12]} 54. Kb4 {[%clk 00:21:33]} {[%emt
00:00:44]} Rxg3 {[%clk 01:15:33]} {[%emt 00:02:24]} 55. Rf4 {[%clk 00:19:38]}
{[%emt 00:02:23]} Rxh3 {[%clk 01:15:21]} {[%emt 00:00:45]} 56. Rxf5 {[%clk
00:20:03]} {[%emt 00:00:05]} Rh4+ {[%clk 01:15:46]} {[%emt 00:00:05]} 57. Kc3
{[%clk 00:20:06]} {[%emt 00:00:27]} d4+ {[%clk 01:16:07]} {[%emt 00:00:09]} 58.
Kc4 {[%clk 00:20:10]} {[%emt 00:00:23]} b5+ {[%clk 01:16:16]} {[%emt 00:00:24]}
59. Kd3 {[%clk 00:18:55]} {[%emt 00:01:45]} Ka5 {[%clk 01:16:19]} {[%emt
00:00:26]} 60. Rf1 {[%clk 00:18:39]} {[%emt 00:00:45]} Kb4 {[%clk 01:10:32]}
{[%emt 00:06:17]} 61. Rc1 {[%clk 00:16:57]} {[%emt 00:02:13]} Ka3 {[%clk
01:10:08]} {[%emt 00:00:55]} 62. Ra1+ {[%clk 00:16:48]} {[%emt 00:00:40]} Kb2
{[%clk 01:10:32]} {[%emt 00:00:04]} 63. Ra5 {[%clk 00:17:01]} {[%emt 00:00:15]}
b4 {[%clk 01:10:52]} {[%emt 00:00:12]} 64. Rb5 {[%clk 00:17:10]} {[%emt
00:00:20]} b3 {[%clk 01:10:55]} {[%emt 00:00:28]} 65. Rc5 {[%clk 00:16:25]}
{[%emt 00:01:15]} Kb1 {[%clk 01:09:49]} {[%emt 00:01:33]} 66. Kd2 {[%clk
00:16:11]} {[%emt 00:00:46]} Rh2+ {[%clk 01:09:02]} {[%emt 00:01:19]} 67. Kd3
{[%clk 00:16:10]} {[%emt 00:00:31]} Rc2 {[%clk 01:09:13]} {[%emt 00:00:18]} 68.
Ra5 {[%clk 00:16:08]} {[%emt 00:00:31]} b2 {[%clk 01:09:33]} {[%emt 00:00:12]}
69. Rh5 {[%clk 00:15:25]} {[%emt 00:01:13]} Rc3+ {[%clk 01:08:51]} {[%emt
00:01:12]} 70. Kxd4 {[%clk 00:15:35]} {[%emt 00:00:20]} Ra3 {[%clk 01:08:55]}
{[%emt 00:00:25]} 71. Kc4 {[%clk 00:15:13]} {[%emt 00:00:52]} Ka1 {[%clk
01:08:44]} {[%emt 00:00:41]} 72. Kb4 {[%clk 00:14:38]} {[%emt 00:01:06]} Ra8
{[%clk 01:08:44]} {[%emt 00:00:29]} 0-1

[Event "ODJM B 2023"]
[Site "Willingen GER"]
[Date "2023.06.01"]
[Round "7"]
[White "Link, Moritz"]
[Black "Klahold, Rona"]
[Result "1/2-1/2"]
[Termination "normal"]
[Board "12"]
[WhiteElo "1589"]
[BlackElo "1592"]
[WhiteClock "00:06:04"]
[BlackClock "00:34:38"]
[PlyCount "61"]
[WhiteFideId "34605924"]
[BlackFideId "16222970"]
[EventCountry "GER"]
[EventRounds "9"]
[EventType "swiss"]
[EventDate "2023.05.27"]

1. e4 {[%clk 01:30:59]} e5 {[%clk 01:30:54]} {[%emt 00:00:07]} 2. Nf3 {[%clk
01:31:27]} {[%emt 00:00:02]} Nc6 {[%clk 01:31:17]} {[%emt 00:00:07]} 3. Bc4
{[%clk 01:31:56]} Nf6 {[%clk 01:31:41]} {[%emt 00:00:06]} 4. d3 {[%clk
01:32:22]} {[%emt 00:00:04]} Bc5 {[%clk 01:31:28]} {[%emt 00:00:43]} 5. c3
{[%clk 01:32:39]} {[%emt 00:00:12]} O-O {[%clk 01:31:32]} {[%emt 00:00:27]} 6.
Bg5 {[%clk 01:32:45]} {[%emt 00:00:23]} d6 {[%clk 01:28:42]} {[%emt 00:03:20]}
7. b4 {[%clk 01:30:06]} {[%emt 00:03:09]} Bb6 {[%clk 01:28:36]} {[%emt
00:00:36]} 8. O-O {[%clk 01:28:46]} {[%emt 00:01:49]} Be6 {[%clk 01:27:58]}
{[%emt 00:01:09]} 9. Nbd2 {[%clk 01:27:10]} {[%emt 00:02:07]} d5 {[%clk
01:21:48]} {[%emt 00:06:40]} 10. exd5 {[%clk 01:16:26]} {[%emt 00:11:14]} Bxd5
{[%clk 01:20:58]} {[%emt 00:01:20]} 11. Bxd5 {[%clk 01:15:27]} {[%emt
00:01:29]} Qxd5 {[%clk 01:21:25]} {[%emt 00:00:02]} 12. Bxf6 {[%clk 01:15:43]}
{[%emt 00:00:14]} gxf6 {[%clk 01:21:45]} {[%emt 00:00:11]} 13. c4 {[%clk
01:16:03]} {[%emt 00:00:10]} Qxd3 {[%clk 01:19:53]} {[%emt 00:02:21]} 14. c5
{[%clk 01:16:29]} {[%emt 00:00:04]} Nxb4 {[%clk 01:19:57]} {[%emt 00:00:26]}
15. cxb6 {[%clk 01:14:20]} {[%emt 00:02:39]} axb6 {[%clk 01:20:13]} {[%emt
00:00:14]} 16. Qb3 {[%clk 00:45:19]} {[%emt 00:29:31]} Qxb3 {[%clk 01:18:13]}
{[%emt 00:02:30]} 17. axb3 {[%clk 00:45:14]} {[%emt 00:00:36]} Ra6 {[%clk
01:16:21]} {[%emt 00:02:21]} 18. Ne4 {[%clk 00:35:32]} {[%emt 00:10:12]} Kg7
{[%clk 01:03:24]} {[%emt 00:19:58]} 19. Ng3 Rd8 {[%clk 00:52:52]} {[%emt
00:09:05]} 20. Rad1 Raa8 {[%clk 00:46:46]} {[%emt 00:14:33]} 21. Ra1 Ra5 {[%clk
00:43:53]} {[%emt 00:09:53]} 22. Rac1 c5 {[%emt 00:05:32]} 23. Rfd1 {[%emt
00:01:54]} Raa8 {[%clk 00:40:36]} {[%emt 00:00:48]} 24. Nf5+ Kg6 {[%emt
00:05:54]} 25. N3h4+ {[%emt 00:03:03]} Kh5 {[%clk 00:38:22]} {[%emt 00:00:06]}
26. h3 {[%clk 00:09:24]} {[%emt 00:01:22]} Nc6 {[%clk 00:34:57]} {[%emt
00:03:55]} 27. g4+ {[%clk 00:06:47]} {[%emt 00:03:07]} Kg5 {[%emt 00:00:11]}
28. Nf3+ {[%clk 00:06:04]} {[%emt 00:01:10]} Kg6 {[%clk 00:34:15]} {[%emt
00:03:15]} 29. N3h4+ Kg5 {[%clk 00:34:38]} {[%emt 00:00:26]} 30. Nf3+ Kg6
{[%emt 00:04:12]} 31. N3h4+ {[%emt 00:01:47]} 1/2-1/2

[Event "ODJM B 2023"]
[Site "Willingen GER"]
[Date "2023.06.01"]
[Round "7"]
[White "Selzer, Luca"]
[Black "Morio, Estelle"]
[Result "0-1"]
[Termination "normal"]
[Board "13"]
[WhiteElo "1472"]
[BlackElo "1792"]
[WhiteClock "00:36:26"]
[BlackClock "00:10:46"]
[PlyCount "66"]
[WhiteFideId "34660364"]
[BlackFideId "12951951"]
[EventCountry "GER"]
[EventRounds "9"]
[EventType "swiss"]
[EventDate "2023.05.27"]

1. d4 {[%clk 01:31:00]} Nf6 {[%clk 01:30:53]} {[%emt 00:00:08]} 2. c4 {[%clk
01:23:15]} {[%emt 00:08:14]} e6 {[%clk 01:31:15]} {[%emt 00:00:08]} 3. Nc3
{[%clk 01:23:41]} {[%emt 00:00:04]} Bb4 {[%clk 01:31:34]} {[%emt 00:00:11]} 4.
Qc2 {[%clk 01:23:52]} {[%emt 00:00:19]} O-O {[%clk 01:31:34]} {[%emt 00:00:29]}
5. a3 {[%clk 01:24:00]} {[%emt 00:00:23]} Bxc3+ {[%clk 01:31:17]} {[%emt
00:00:47]} 6. bxc3 {[%clk 01:24:24]} {[%emt 00:00:06]} d6 {[%clk 01:30:37]}
{[%emt 00:01:10]} 7. Bg5 {[%clk 01:24:30]} {[%emt 00:00:24]} h6 {[%clk
01:29:46]} {[%emt 00:01:21]} 8. Bh4 {[%clk 01:24:51]} {[%emt 00:00:09]} Nbd7
{[%clk 01:29:26]} {[%emt 00:00:50]} 9. e3 {[%clk 01:24:58]} {[%emt 00:00:23]}
b6 {[%clk 01:28:41]} {[%emt 00:01:15]} 10. Nf3 {[%clk 01:24:57]} {[%emt
00:00:31]} Bb7 {[%clk 01:28:44]} {[%emt 00:00:27]} 11. Be2 {[%clk 01:25:09]}
{[%emt 00:00:18]} Qe8 {[%clk 01:28:33]} {[%emt 00:00:41]} 12. O-O {[%clk
01:24:52]} {[%emt 00:00:47]} Ne4 {[%clk 01:27:51]} {[%emt 00:01:12]} 13. Rad1
{[%clk 01:24:11]} {[%emt 00:01:10]} f5 {[%clk 01:26:01]} {[%emt 00:02:21]} 14.
d5 {[%clk 01:23:02]} {[%emt 00:01:40]} e5 {[%clk 01:24:41]} {[%emt 00:01:49]}
15. g4 {[%clk 01:17:33]} {[%emt 00:05:59]} Qg6 {[%clk 01:03:38]} {[%emt
00:21:33]} 16. Nd2 {[%clk 01:14:49]} {[%emt 00:03:13]} Nxd2 {[%clk 00:56:08]}
{[%emt 00:08:01]} 17. Rxd2 {[%clk 01:15:16]} {[%emt 00:00:03]} e4 {[%clk
00:55:52]} {[%emt 00:00:47]} 18. f4 {[%clk 01:09:21]} {[%emt 00:06:24]} fxg4
{[%clk 00:52:47]} {[%emt 00:03:34]} 19. Bd1 {[%clk 01:05:52]} {[%emt 00:03:59]}
Qh5 {[%clk 00:47:47]} {[%emt 00:05:31]} 20. Bg3 {[%clk 01:05:49]} {[%emt
00:00:32]} Nc5 {[%clk 00:47:34]} {[%emt 00:00:44]} 21. Rg2 {[%clk 01:03:17]}
{[%emt 00:03:02]} Qf5 {[%clk 00:43:26]} {[%emt 00:04:37]} 22. Bh4 {[%clk
01:02:38]} {[%emt 00:01:09]} h5 {[%clk 00:32:28]} {[%emt 00:11:29]} 23. h3
{[%clk 01:02:54]} {[%emt 00:00:13]} Bc8 {[%clk 00:29:41]} {[%emt 00:03:18]} 24.
hxg4 {[%clk 01:03:13]} {[%emt 00:00:11]} hxg4 {[%clk 00:29:49]} {[%emt
00:00:22]} 25. Bxg4 {[%clk 01:03:18]} {[%emt 00:00:25]} Qh7 {[%clk 00:27:36]}
{[%emt 00:02:43]} 26. Bg5 {[%clk 01:01:26]} {[%emt 00:02:22]} Bxg4 {[%clk
00:26:53]} {[%emt 00:01:13]} 27. Rxg4 {[%clk 00:58:00]} {[%emt 00:03:55]} Qh3
{[%clk 00:25:51]} {[%emt 00:01:33]} 28. Qe2 {[%clk 00:55:43]} {[%emt 00:02:46]}
Kf7 {[%clk 00:18:50]} {[%emt 00:07:32]} 29. Rg2 {[%clk 00:39:33]} {[%emt
00:16:39]} Rh8 {[%clk 00:18:38]} {[%emt 00:00:42]} 30. Qg4 {[%clk 00:37:36]}
{[%emt 00:02:27]} Qxe3+ {[%clk 00:15:16]} {[%emt 00:03:53]} 31. Rff2 {[%clk
00:36:13]} {[%emt 00:01:53]} Qe1+ {[%clk 00:15:12]} {[%emt 00:00:34]} 32. Rf1
{[%clk 00:36:18]} {[%emt 00:00:25]} Qe3+ {[%clk 00:10:40]} {[%emt 00:05:02]}
33. Rff2 {[%clk 00:36:26]} {[%emt 00:00:22]} Qh3 {[%clk 00:10:46]} {[%emt
00:00:23]} 0-1